000 01408namaa22003251i 4500
005 20260517110217.0
008 260517s1995 ua a|||frm||| 000 0 eng d
040 _aEG-GICUC
_beng
_cEG-GICUC
_dEG-GICUC
_erda
041 0 _aeng
_beng
_bara
049 _aDeposit
097 _aM.Sc
099 _aCai01.1202.M.Sc.1995.Ma.E
100 0 _aManal El-Sayed El-Halwagy,
_epreparation.
245 1 0 _aThe Effect of Certain rodenticide on biochemical response of albino rats /
_cBy Manal El-Sayed El-Halwagy ; Supervised Prof. Dr. Khamis Abdel-Raheem, Prof. Dr. Hassan El-Deeb, Prof. Dr. Ahmady Abdel-Aziz
246 1 5 _aتأثير بعض مبيدات القوراض علي بعض الانشطة البيولوجية في الفار الالبينو
264 0 _c1995.
300 _a181 Leaves
_billustrations
_c30 cm. +
336 _2rda content
_atext
337 _2rdamedia
_aUnmediated
338 _2rdacarrier
_avolume
502 _aThesis (M.Sc.)-Cairo University, 1995
504 _aBibliography: pages 166-181
653 0 _abiochemical response of albino rats
700 0 _aKhamis Abdel-Raheem
_eReviewer.
700 0 _aHassan El-Deeb
_ethesis advisor.
700 0 _aAhmady Abdel-Aziz
_ethesis advisor.
900 _DDepartment of Biochemistry
_FFaculty of Science
_UCairo University
_b1995
_cKhamis Abdel-Raheem
_cHassan El-Deeb
_cAhmady Abdel-Aziz
905 _aNehad
942 _2ddc
_cTH
_e21
_n0
999 _c180174